Politológia pre ekonómov
Salvato in:
| Autore principale: | |
|---|---|
| Altri autori: | |
| Natura: | Libro |
| Lingua: | slovacco |
| Pubblicazione: |
Bratislava
SOFA
1998
|
| Soggetti: | |
| Tags: |
Nessun Tag, puoi essere il primo ad aggiungerne!!
|
MARC
| LEADER | 00000nam a2200000 4500 | ||
|---|---|---|---|
| 001 | c101839 | ||
| 005 | 20221123133325.9 | ||
| 020 | |a 80-85752-74-3 | ||
| 041 | 0 | |a slo | |
| 044 | |a SK | ||
| 245 | 1 | 0 | |a Politológia pre ekonómov |c Ján Liďák, Viera Koganová |
| 264 | 1 | |a Bratislava |b SOFA |c 1998 | |
| 300 | |a 209 s. | ||
| 610 | 2 | 0 | |a politológia |
| 610 | 2 | 0 | |a ekonómia |
| 610 | 2 | 0 | |a systémy politické |
| 610 | 2 | 0 | |a voľby |
| 610 | 2 | 0 | |a demokracia |
| 610 | 2 | 0 | |a diktatúra |
| 610 | 2 | 0 | |a práva ľudské |
| 610 | 2 | 0 | |a sloboda |
| 610 | 2 | 0 | |a vzťahy hospodárske medzinárodné |
| 100 | 1 | |a Liďák, Ján | |
| 700 | 1 | |a Koganová, Viera | |